[Event "Obert Pobla de Lillet 2016"]
[Site "La Pobla de Lillet ESP"]
[Date "2016.08.02"]
[Round "1.1"]
[White "Movsziszian, K."]
[Black "Tejero Royo, F."]
[Result "1-0"]
[WhiteElo "2495"]
[BlackElo "2012"]
[PlyCount "67"]
[EventDate "2016.08.02"]
[EventType "swiss"]
[EventRounds "9"]
[EventCountry "ESP"]
[SourceTitle "Ajedrez en Madrid"]
[Source "lmi"]
[SourceDate "2016.08.02"]

1. g3 d5 2. Bg2 e6 3. d3 Nf6 4. Nd2 b6 5. e4 Bb7 6. Nh3 dxe4 7. dxe4 Nbd7 8. f4
Nc5 9. Nf2 a5 10. O-O h5 11. h3 g6 12. Re1 Bh6 13. Qf3 Qe7 14. a3 O-O 15. g4
hxg4 16. hxg4 Nfd7 17. g5 Bg7 18. Qg3 Bd4 19. Nf1 f5 20. gxf6 Nxf6 21. Be3 Bxe3
22. Qxg6+ Qg7 23. Qxg7+ Kxg7 24. Rxe3 Nh5 25. Nh3 Nxf4 26. Nxf4 Rxf4 27. Ng3
Kg6 28. Rd1 Bc6 29. b4 axb4 30. axb4 Nd7 31. Ne2 Rf7 32. Nd4 Ba4 33. Rg3+ Kf6
34. e5+ 1-0

[Event "Obert Pobla de Lillet 2016"]
[Site "La Pobla de Lillet ESP"]
[Date "2016.08.02"]
[Round "1.2"]
[White "Corrigüelas Armillas, F."]
[Black "Mellado Triviño, J."]
[Result "0-1"]
[WhiteElo "1980"]
[BlackElo "2427"]
[PlyCount "76"]
[EventDate "2016.08.02"]
[EventType "swiss"]
[EventRounds "9"]
[EventCountry "ESP"]
[SourceTitle "Ajedrez en Madrid"]
[Source "lmi"]
[SourceDate "2016.08.02"]

1. e4 e6 2. d4 d5 3. Nd2 Nf6 4. e5 Nfd7 5. Bd3 c5 6. c3 b6 7. Qe2 Nc6 8. Ngf3
cxd4 9. cxd4 Nb4 10. O-O Nxd3 11. Qxd3 a5 12. Re1 Ba6 13. Qe3 Be7 14. Nf1 Qc7
15. Bd2 Qc2 16. Qc3 Qxc3 17. Bxc3 Nb8 18. Rac1 Nc6 19. a3 Kd7 20. h4 b5 21. Bd2
Rhc8 22. h5 h6 23. Be3 a4 24. Bd2 b4 25. axb4 Nxb4 26. Rxc8 Rxc8 27. Rc1 Rxc1
28. Bxc1 Nd3 29. Bd2 Nxb2 30. Bc3 Nd1 31. Ba1 Bb4 32. Ne3 Bc3 33. Bxc3 Nxc3 34.
Nc2 Bd3 35. Nfe1 Ne2+ 36. Kh2 Bxc2 37. Nxc2 Kc6 38. g4 Kb5 0-1

[Event "Obert Pobla de Lillet 2016"]
[Site "La Pobla de Lillet ESP"]
[Date "2016.08.02"]
[Round "1.3"]
[White "Cervello Tost, F."]
[Black "Masachs Vendrell, F."]
[Result "1-0"]
[WhiteElo "2322"]
[BlackElo "1975"]
[PlyCount "41"]
[EventDate "2016.08.02"]
[EventType "swiss"]
[EventRounds "9"]
[EventCountry "ESP"]
[SourceTitle "Ajedrez en Madrid"]
[Source "lmi"]
[SourceDate "2016.08.02"]

1. Nf3 e6 2. g3 d5 3. Bg2 Nf6 4. O-O Be7 5. d4 Nbd7 6. c4 O-O 7. Nc3 c6 8. Qb3
Qb6 9. c5 Qxb3 10. axb3 b6 11. b4 Bb7 12. Bf4 a5 13. cxb6 Bxb4 14. Na4 Ra6 15.
Bc7 Ne4 16. Rfc1 c5 17. Ne5 Nxe5 18. Bxe5 Bc6 19. Bxe4 Bxa4 20. Rxa4 dxe4 21.
dxc5 1-0

[Event "Obert Pobla de Lillet 2016"]
[Site "La Pobla de Lillet ESP"]
[Date "2016.08.02"]
[Round "1.4"]
[White "Guasch Murtra, JM."]
[Black "Gonzalez Rodriguez, JA."]
[Result "0-1"]
[WhiteElo "1968"]
[BlackElo "2306"]
[PlyCount "90"]
[EventDate "2016.08.02"]
[EventType "swiss"]
[EventRounds "9"]
[EventCountry "ESP"]
[SourceTitle "Ajedrez en Madrid"]
[Source "lmi"]
[SourceDate "2016.08.02"]

1. d4 Nf6 2. c4 c5 3. d5 e5 4. Nc3 d6 5. e4 g6 6. Bd3 Bg7 7. Nge2 h5 8. a3 Nh7
9. b4 Na6 10. Rb1 Qe7 11. b5 Nb8 12. Be3 h4 13. Kd2 f5 14. f3 Ng5 15. Kc2 h3
16. Qf1 f4 17. Bd2 hxg2 18. Qxg2 Bh3 19. Qf2 Nd7 20. Rbg1 O-O-O 21. a4 Rh7 22.
a5 Rdh8 23. b6 a6 24. Nb5 Bf6 25. Na7+ Kb8 26. Nc6+ bxc6 27. dxc6 Nf8 28. Nc3
Nfe6 29. Nd5 Nd4+ 30. Kb2 Qf7 31. c7+ Kb7 32. Be2 Nge6 33. Nxf6 Qxf6 34. Bd1
Nc6 35. Ba4 Ned4 36. Bc3 Be6 37. Bxd4 Nxd4 38. Qg2 Rh6 39. Ka3 R8h7 40. h4 Bxc4
41. h5 gxh5 42. Qg8 Bxg8 43. Rxg8 Rxc7 44. bxc7 Kxc7 45. Rb1 Rh8 0-1

[Event "Obert Pobla de Lillet 2016"]
[Site "La Pobla de Lillet ESP"]
[Date "2016.08.02"]
[Round "1.5"]
[White "Uribe Arteaga, D."]
[Black "Garcia Galeote, L."]
[Result "1-0"]
[WhiteElo "2301"]
[BlackElo "1962"]
[PlyCount "73"]
[EventDate "2016.08.02"]
[EventType "swiss"]
[EventRounds "9"]
[EventCountry "ESP"]
[SourceTitle "Ajedrez en Madrid"]
[Source "lmi"]
[SourceDate "2016.08.02"]

1. e4 b6 2. d4 Bb7 3. Bd3 Nf6 4. Nd2 Nc6 5. c3 e5 6. Ngf3 exd4 7. cxd4 Nb4 8.
Bb1 d5 9. e5 Ne4 10. a3 Nxd2 11. Bxd2 Nc6 12. O-O Be7 13. Bd3 Qc8 14. Qc2 Nd8
15. Bxh7 Ne6 16. Bf5 c6 17. h3 Qd7 18. Rfc1 Rc8 19. b4 Ba6 20. Be3 Bc4 21. Nd2
b5 22. f4 g6 23. Bg4 Bf8 24. f5 gxf5 25. Bxf5 Bh6 26. Bxh6 Rxh6 27. Nf3 Qe7 28.
Qd2 Rh8 29. a4 a6 30. axb5 Bxb5 31. Bd3 Bxd3 32. Qxd3 Kd7 33. Rxa6 Qxb4 34. Rb1
Qc4 35. Ra7+ Rc7 36. Rxc7+ Kxc7 37. Qa3 1-0

[Event "Obert Pobla de Lillet 2016"]
[Site "La Pobla de Lillet ESP"]
[Date "2016.08.02"]
[Round "1.6"]
[White "Prats Rodriguez, JB."]
[Black "Renteria Becerra, J."]
[Result "1-0"]
[WhiteElo "1952"]
[BlackElo "2264"]
[PlyCount "83"]
[EventDate "2016.08.02"]
[EventType "swiss"]
[EventRounds "9"]
[EventCountry "ESP"]
[SourceTitle "Ajedrez en Madrid"]
[Source "lmi"]
[SourceDate "2016.08.02"]

1. e4 d6 2. d4 Nf6 3. Nc3 e5 4. Nf3 Nbd7 5. Bc4 Be7 6. dxe5 Nxe5 7. Nxe5 dxe5
8. Qxd8+ Bxd8 9. a4 c6 10. Be3 Ba5 11. f3 O-O 12. Ke2 Re8 13. Rhd1 Nd7 14. Rd3
Bb4 15. Rad1 Nc5 16. Rd8 Be6 17. Rxe8+ Rxe8 18. Bxe6 Nxe6 19. Rd7 Bxc3 20. bxc3
b6 21. Rxa7 Rb8 22. Ra6 b5 23. a5 Nd8 24. Bb6 Ne6 25. Be3 Nd8 26. Bc5 f6 27.
Be7 Ne6 28. Rxc6 Kf7 29. Bb4 Nf4+ 30. Kd2 Rd8+ 31. Rd6 Rb8 32. a6 Ne6 33. Rd7+
Kg6 34. a7 Ra8 35. Rb7 f5 36. Bd6 fxe4 37. fxe4 Kf6 38. Bb8 Nc5 39. Rxb5 Nxe4+
40. Ke3 Ng5 41. Bxe5+ Ke6 42. Bd4 1-0

[Event "Obert Pobla de Lillet 2016"]
[Site "La Pobla de Lillet ESP"]
[Date "2016.08.02"]
[Round "1.7"]
[White "Vargas Drechsler, C."]
[Black "Povill Claros, X."]
[Result "0-1"]
[WhiteElo "1925"]
[BlackElo "2194"]
[PlyCount "54"]
[EventDate "2016.08.02"]
[EventType "swiss"]
[EventRounds "9"]
[EventCountry "ESP"]
[SourceTitle "Ajedrez en Madrid"]
[Source "lmi"]
[SourceDate "2016.08.02"]

1. e4 c5 2. Nf3 e6 3. d4 cxd4 4. Nxd4 a6 5. Nc3 Qc7 6. Be3 Nf6 7. Qd2 Bb4 8.
Bd3 d5 9. f3 e5 10. O-O exd4 11. Bxd4 Bc5 12. Bxc5 Qxc5+ 13. Kh1 dxe4 14. Rae1
O-O 15. fxe4 Nc6 16. Rxf6 gxf6 17. Nd5 Kh8 18. Qh6 Rg8 19. e5 f5 20. Nf6 Rg7
21. g4 Nxe5 22. Re3 Qc6+ 23. Be4 fxe4 24. Rh3 e3+ 25. Kg1 Rxg4+ 26. Rg3 Rxg3+
27. hxg3 Bf5 0-1

[Event "Obert Pobla de Lillet 2016"]
[Site "La Pobla de Lillet ESP"]
[Date "2016.08.02"]
[Round "1.8"]
[White "Simon Padros, E."]
[Black "Duran Burniol, J."]
[Result "1-0"]
[WhiteElo "2191"]
[BlackElo "1923"]
[PlyCount "109"]
[EventDate "2016.08.02"]
[EventType "swiss"]
[EventRounds "9"]
[EventCountry "ESP"]
[SourceTitle "Ajedrez en Madrid"]
[Source "lmi"]
[SourceDate "2016.08.02"]

1. e4 e6 2. d4 d5 3. e5 c5 4. c3 Qb6 5. Nf3 Nc6 6. a3 Nh6 7. b4 cxd4 8. cxd4
Nf5 9. Be3 f6 10. exf6 gxf6 11. Bd3 Nxe3 12. fxe3 Bh6 13. Qe2 Bd7 14. Nc3 Ne7
15. O-O O-O 16. Kh1 Bg7 17. e4 Rae8 18. e5 f5 19. Bb5 Bxb5 20. Qxb5 Qxb5 21.
Nxb5 Nc8 22. Rac1 a6 23. Nc7 Re7 24. Ng5 Bh6 25. Ncxe6 Bxg5 26. Nxg5 Nb6 27.
Nh3 Nc4 28. Nf4 Rd8 29. Nxd5 Rxd5 30. Rxc4 b5 31. Rc8+ Kg7 32. Rxf5 Rxd4 33. h3
Rd3 34. Rf3 Rxf3 35. gxf3 Rxe5 36. Rc7+ Kg8 37. Rc6 Re3 38. Rxa6 Rxf3 39. Kg2
Rb3 40. Ra7 Kh8 41. h4 h6 42. h5 Kg8 43. Rb7 Rxa3 44. Rxb5 Kf7 45. Rb6 Kg7 46.
Rg6+ Kh7 47. Rg3 Ra6 48. b5 Rb6 49. Rb3 Kg7 50. Kf3 Kf6 51. Kf4 Rb8 52. b6 Rb7
53. Ke4 Kg5 54. Rb5+ Kg4 55. Kd5 1-0

[Event "Obert Pobla de Lillet 2016"]
[Site "La Pobla de Lillet ESP"]
[Date "2016.08.02"]
[Round "1.9"]
[White "Arias Castañedo, J."]
[Black "Ayza Ballester, J."]
[Result "0-1"]
[WhiteElo "1896"]
[BlackElo "2168"]
[PlyCount "92"]
[EventDate "2016.08.02"]
[EventType "swiss"]
[EventRounds "9"]
[EventCountry "ESP"]
[SourceTitle "Ajedrez en Madrid"]
[Source "lmi"]
[SourceDate "2016.08.02"]

1. Nf3 c5 2. b3 b6 3. Bb2 Bb7 4. e3 e6 5. d4 cxd4 6. Nxd4 Nf6 7. Nd2 Be7 8.
N2f3 O-O 9. Bd3 Nc6 10. Nxc6 Bxc6 11. O-O d6 12. Qe2 Ne4 13. Nd4 Bb7 14. c4 Rc8
15. Nb5 a6 16. Nc3 Nf6 17. Rfc1 Qc7 18. Na4 Bc6 19. Nc3 Qb7 20. e4 Rfe8 21. f3
Nd7 22. Qf1 Bf6 23. Rab1 b5 24. cxb5 axb5 25. Kh1 Rb8 26. Rc2 Nc5 27. Be2 Na6
28. a3 Nc5 29. b4 Nd7 30. Nd1 Bxb2 31. Rbxb2 d5 32. exd5 exd5 33. Qf2 Ne5 34.
Rb3 Nc4 35. Kg1 Ra8 36. Rcc3 Re7 37. Bxc4 bxc4 38. Rb2 Rae8 39. Re3 d4 40. Rxe7
Qxe7 41. h3 c3 42. Nxc3 dxc3 43. Rc2 Qe5 44. Qf1 Ba4 45. Rc1 c2 46. Qd3 Qe1+
0-1

[Event "Obert Pobla de Lillet 2016"]
[Site "La Pobla de Lillet ESP"]
[Date "2016.08.02"]
[Round "1.10"]
[White "Capellades Subirana, M."]
[Black "Povill Batlle, R."]
[Result "1-0"]
[WhiteElo "2148"]
[BlackElo "1886"]
[PlyCount "89"]
[EventDate "2016.08.02"]
[EventType "swiss"]
[EventRounds "9"]
[EventCountry "ESP"]
[SourceTitle "Ajedrez en Madrid"]
[Source "lmi"]
[SourceDate "2016.08.02"]

1. e4 c5 2. Nf3 Nc6 3. d4 cxd4 4. Nxd4 g6 5. Nc3 Bg7 6. Be3 Nf6 7. Bc4 Qa5 8.
O-O O-O 9. a3 a6 10. Nxc6 dxc6 11. f3 c5 12. Qe1 Qc7 13. Qf2 b6 14. Rad1 Bb7
15. a4 Rac8 16. Qe2 Ra8 17. Rd2 Rfd8 18. Rxd8+ Qxd8 19. Rd1 Qc7 20. Qd2 Bc6 21.
Bf4 Qb7 22. e5 Nh5 23. e6 f5 24. Be3 Nf6 25. Qd3 Kf8 26. b3 Ke8 27. Kf2 Qc7 28.
Nd5 Nxd5 29. Bxd5 Bxd5 30. Qxd5 Rd8 31. Qxd8+ Qxd8 32. Rxd8+ Kxd8 33. b4 f4 34.
Bxf4 cxb4 35. Ke3 Kc8 36. Ke4 h6 37. Kd5 Kb7 38. Bd6 Bf6 39. Bxb4 h5 40. Bd2 a5
41. c4 Kc7 42. g4 hxg4 43. fxg4 g5 44. Be1 Kb7 45. Bg3 1-0

[Event "Obert Pobla de Lillet 2016"]
[Site "La Pobla de Lillet ESP"]
[Date "2016.08.03"]
[Round "2.1"]
[White "Travesset Ribera, D."]
[Black "Movsziszian, K."]
[Result "0-1"]
[WhiteElo "2139"]
[BlackElo "2495"]
[PlyCount "50"]
[EventDate "2016.08.02"]
[EventType "swiss"]
[EventRounds "9"]
[EventCountry "ESP"]
[SourceTitle "Ajedrez en Madrid"]
[Source "lmi"]
[SourceDate "2016.08.02"]

1. Nf3 g6 2. d4 Bg7 3. c4 d6 4. g3 Nd7 5. Bg2 e5 6. Nc3 Ne7 7. O-O O-O 8. e4
exd4 9. Nxd4 Nc6 10. Nde2 a5 11. h3 Nc5 12. Be3 a4 13. Rb1 f5 14. Kh2 Ra5 15.
Bd2 Kh8 16. Nd5 Ra8 17. Nec3 Ne5 18. b4 axb3 19. axb3 c6 20. Nf4 fxe4 21. Nxe4
Bf5 22. f3 Nxf3+ 23. Bxf3 Nxe4 24. g4 Nxd2 25. Qxd2 Bxb1 0-1

[Event "Obert Pobla de Lillet 2016"]
[Site "La Pobla de Lillet ESP"]
[Date "2016.08.03"]
[Round "2.2"]
[White "Mellado Triviño, J."]
[Black "Perez Garcia, A."]
[Result "1/2-1/2"]
[WhiteElo "2427"]
[BlackElo "2073"]
[PlyCount "126"]
[EventDate "2016.08.02"]
[EventType "swiss"]
[EventRounds "9"]
[EventCountry "ESP"]
[SourceTitle "Ajedrez en Madrid"]
[Source "lmi"]
[SourceDate "2016.08.02"]

1. e4 c6 2. d4 d5 3. exd5 cxd5 4. c4 Nf6 5. Nc3 Nc6 6. Nf3 Bg4 7. cxd5 Nxd5 8.
Qb3 Bxf3 9. gxf3 e6 10. Qxb7 Nxd4 11. Bb5+ Nxb5 12. Qc6+ Ke7 13. Qxb5 Qd7 14.
Nxd5+ Qxd5 15. Qxd5 exd5 16. Be3 Ke6 17. Rc1 Bb4+ 18. Ke2 Rhc8 19. Kd3 a5 20.
h3 a4 21. Rhg1 a3 22. b3 g6 23. Rg4 Rxc1 24. Bxc1 Bd6 25. Ra4 Rxa4 26. bxa4 Kd7
27. a5 Kc6 28. Be3 Kb5 29. Kd4 Bb4 30. Kxd5 Bxa5 31. f4 Bc7 32. f5 gxf5 33. Bc5
Ka4 34. Kc6 Ba5 35. Kd5 Bc7 36. Kc4 Ba5 37. f3 Bd8 38. Kd5 Bc7 39. Be7 Bf4 40.
Kc4 Be5 41. Bc5 Bb8 42. Kd5 Bc7 43. Bf8 Bf4 44. Kc4 Be5 45. Bb4 Bb8 46. Bc3 Bf4
47. Bf6 Bc7 48. Be7 Bf4 49. Kd5 Bc7 50. Kc6 Ba5 51. Bc5 Bb4 52. Kd5 Bc3 53. Kd6
Bb4 54. Kc6 Bc3 55. Kd7 Bb4 56. Kc6 Bc3 57. Kd5 Bb2 58. Kc4 Be5 59. Bb4 Bc7 60.
Bc3 Bf4 61. Bf6 Bc1 62. Be7 Bd2 63. Bd6 Bc1 1/2-1/2

[Event "Obert Pobla de Lillet 2016"]
[Site "La Pobla de Lillet ESP"]
[Date "2016.08.03"]
[Round "2.3"]
[White "Sanpera Bonet, JC."]
[Black "Cervello Tost, F."]
[Result "0-1"]
[WhiteElo "2074"]
[BlackElo "2322"]
[PlyCount "56"]
[EventDate "2016.08.02"]
[EventType "swiss"]
[EventRounds "9"]
[EventCountry "ESP"]
[SourceTitle "Ajedrez en Madrid"]
[Source "lmi"]
[SourceDate "2016.08.02"]

1. e4 c6 2. d4 d5 3. e5 c5 4. c4 e6 5. cxd5 Qxd5 6. Nc3 Qxd4 7. Qxd4 cxd4 8.
Nb5 Na6 9. Nf3 Bd7 10. Nfxd4 Bc5 11. Be3 Ne7 12. Rc1 O-O 13. Bc4 Ng6 14. f4
Bxb5 15. Bxb5 Rad8 16. Bxa6 Bxd4 17. Bxd4 Rxd4 18. Bxb7 Nxf4 19. Rc2 Nd3+ 20.
Ke2 Rfd8 21. Rc8 Nxb2 22. Rxd8+ Rxd8 23. Rb1 Nc4 24. Rb5 Rd2+ 25. Ke1 Rxa2 26.
Rc5 Nb6 27. Rc7 g6 28. Bc6 Nc4 0-1

[Event "Obert Pobla de Lillet 2016"]
[Site "La Pobla de Lillet ESP"]
[Date "2016.08.03"]
[Round "2.4"]
[White "Gonzalez Rodriguez, JA."]
[Black "Gabarro Sole, R."]
[Result "1-0"]
[WhiteElo "2306"]
[BlackElo "2058"]
[PlyCount "71"]
[EventDate "2016.08.02"]
[EventType "swiss"]
[EventRounds "9"]
[EventCountry "ESP"]
[SourceTitle "Ajedrez en Madrid"]
[Source "lmi"]
[SourceDate "2016.08.02"]

1. b3 d5 2. Bb2 Bf5 3. e3 e6 4. g3 Nf6 5. Bg2 Nbd7 6. d3 Be7 7. Ne2 c6 8. Nd2
Qa5 9. a3 O-O 10. e4 dxe4 11. b4 Qc7 12. dxe4 Bg6 13. Nf4 a5 14. c3 Rfd8 15.
Qe2 e5 16. Nxg6 hxg6 17. O-O Nh5 18. Nc4 b6 19. Rfd1 Nhf6 20. Rab1 Nf8 21. h4
Rxd1+ 22. Rxd1 Rd8 23. Rb1 a4 24. Bc1 b5 25. Na5 c5 26. Be3 c4 27. Rd1 Rd6 28.
f3 Ra6 29. Bh3 Rxa5 30. bxa5 Bxa3 31. a6 Bc5 32. Bxc5 Qxc5+ 33. Qf2 Qc6 34. a7
Ne6 35. Bxe6 fxe6 36. Rd8+ 1-0

[Event "Obert Pobla de Lillet 2016"]
[Site "La Pobla de Lillet ESP"]
[Date "2016.08.03"]
[Round "2.5"]
[White "Junyent Llobet, J."]
[Black "Uribe Arteaga, D."]
[Result "0-1"]
[WhiteElo "2070"]
[BlackElo "2301"]
[PlyCount "74"]
[EventDate "2016.08.02"]
[EventType "swiss"]
[EventRounds "9"]
[EventCountry "ESP"]
[SourceTitle "Ajedrez en Madrid"]
[Source "lmi"]
[SourceDate "2016.08.02"]

1. e4 c5 2. Nf3 d6 3. d4 cxd4 4. Nxd4 Nf6 5. Nc3 g6 6. Be3 Bg7 7. f3 O-O 8. Qd2
Nc6 9. Nxc6 bxc6 10. Bc4 e6 11. O-O d5 12. Rad1 Qe7 13. Bb3 Ba6 14. Rfe1 Rfd8
15. e5 Nd7 16. Bg5 Qc5+ 17. Kh1 Rdc8 18. Qf4 Qf8 19. Qg3 Nb6 20. Ne2 c5 21. c3
Nd7 22. Ng1 Rab8 23. Nh3 c4 24. Ba4 Nc5 25. Nf2 Nxa4 26. Ng4 Nxb2 27. Rd4 Nd3
28. Nf6+ Bxf6 29. Bxf6 Nxe1 30. h3 Nc2 31. Rh4 Rb1+ 32. Kh2 Ne3 33. Qg5 Nf1+
34. Kg1 Qc5+ 35. Kh1 Nd2+ 36. Kh2 Qg1+ 37. Kg3 Nf1+ 0-1

[Event "Obert Pobla de Lillet 2016"]
[Site "La Pobla de Lillet ESP"]
[Date "2016.08.03"]
[Round "2.7"]
[White "Moya Arau, C."]
[Black "Simon Padros, E."]
[Result "1-0"]
[WhiteElo "2017"]
[BlackElo "2191"]
[PlyCount "67"]
[EventDate "2016.08.02"]
[EventType "swiss"]
[EventRounds "9"]
[EventCountry "ESP"]
[SourceTitle "Ajedrez en Madrid"]
[Source "lmi"]
[SourceDate "2016.08.02"]

1. e4 e6 2. d4 d5 3. Nd2 Nf6 4. e5 Nfd7 5. Bd3 c5 6. c3 b6 7. Ne2 Ba6 8. Bxa6
Nxa6 9. O-O Nc7 10. Ng3 c4 11. Qh5 g6 12. Qh3 h5 13. Nf3 Be7 14. Re1 Nf8 15.
Nd2 Qd7 16. f4 b5 17. Nf3 b4 18. f5 gxf5 19. Nxh5 Ng6 20. Bg5 O-O-O 21. g4 Bxg5
22. Nxg5 Qe7 23. Nf3 Rdg8 24. Qg3 fxg4 25. Nf6 gxf3 26. Nxg8 Rxg8 27. Kh1 bxc3
28. bxc3 Qh4 29. Qxf3 Rh8 30. Re2 Rh7 31. Rb1 Qh3 32. Qf6 Qf5 33. Rb8+ Kd7 34.
Qd8+ 1-0

[Event "Obert Pobla de Lillet 2016"]
[Site "La Pobla de Lillet ESP"]
[Date "2016.08.03"]
[Round "2.8"]
[White "Ayza Ballester, J."]
[Black "Prats Rodriguez, JB."]
[Result "1-0"]
[WhiteElo "2168"]
[BlackElo "1952"]
[PlyCount "79"]
[EventDate "2016.08.02"]
[EventType "swiss"]
[EventRounds "9"]
[EventCountry "ESP"]
[SourceTitle "Ajedrez en Madrid"]
[Source "lmi"]
[SourceDate "2016.08.02"]

1. e4 d6 2. d4 Nf6 3. Nc3 g6 4. Bg5 Bg7 5. Qd2 h6 6. Be3 a6 7. f3 b5 8. a4 b4
9. Na2 a5 10. c3 bxc3 11. Nxc3 c6 12. Nge2 Ba6 13. Rc1 Nfd7 14. Rd1 Qc7 15. Nc1
Bxf1 16. Rxf1 Na6 17. Kf2 Rb8 18. Kg1 Nb4 19. Kh1 h5 20. f4 O-O 21. f5 e6 22.
Bh6 exf5 23. exf5 Nf6 24. Rf3 Rbe8 25. Rdf1 Bxh6 26. Qxh6 Ng4 27. Qf4 Kg7 28.
h3 Nf6 29. Qg5 Nh7 30. f6+ Kh8 31. Qh6 Rg8 32. N1e2 Re6 33. Nf4 Rxf6 34. Ne4
Rf5 35. g4 d5 36. gxf5 dxe4 37. fxg6 fxg6 38. Ne6 exf3 39. Nxc7 Rf8 40. Ne6 1-0

[Event "Obert Pobla de Lillet 2016"]
[Site "La Pobla de Lillet ESP"]
[Date "2016.08.03"]
[Round "2.9"]
[White "Toquero Gracia, P."]
[Black "Capellades Subirana, M."]
[Result "0-1"]
[WhiteElo "1940"]
[BlackElo "2148"]
[PlyCount "86"]
[EventDate "2016.08.02"]
[EventType "swiss"]
[EventRounds "9"]
[EventCountry "ESP"]
[SourceTitle "Ajedrez en Madrid"]
[Source "lmi"]
[SourceDate "2016.08.02"]

1. e4 e5 2. Nf3 Nc6 3. Bb5 a6 4. Ba4 Nge7 5. c3 g6 6. O-O Bg7 7. Re1 O-O 8. d3
h6 9. Nbd2 Kh7 10. Nf1 d6 11. Ng3 f5 12. exf5 Nxf5 13. Bc2 Nce7 14. d4 exd4 15.
Nxd4 Nxd4 16. cxd4 Nf5 17. Nxf5 Bxf5 18. Be3 Qh4 19. Rc1 c6 20. g3 Qh3 21. Qe2
Rae8 22. Qd2 Be6 23. Qd3 Rf6 24. Qf1 Qh5 25. Qe2 Bg4 26. Qd3 Bh3 27. f4 Qd5 28.
Qd2 Qxa2 29. b3 Bf5 30. Bxf5 Qxd2 31. Bxg6+ Rxg6 32. Bxd2 Bxd4+ 33. Kg2 Rge6
34. Kf3 d5 35. Rxe6 Rxe6 36. Re1 Rxe1 37. Bxe1 c5 38. g4 b5 39. Ke2 Bg1 40. h3
c4 41. b4 d4 42. Bf2 d3+ 43. Ke3 d2 0-1

[Event "Obert Pobla de Lillet 2016"]
[Site "La Pobla de Lillet ESP"]
[Date "2016.08.03"]
[Round "2.10"]
[White "Torrents Señal, M."]
[Black "Fabre Massana, M."]
[Result "0-1"]
[WhiteElo "2037"]
[BlackElo "2088"]
[PlyCount "112"]
[EventDate "2016.08.02"]
[EventType "swiss"]
[EventRounds "9"]
[EventCountry "ESP"]
[SourceTitle "Ajedrez en Madrid"]
[Source "lmi"]
[SourceDate "2016.08.02"]

1. d4 Nf6 2. c4 e5 3. e3 exd4 4. exd4 d5 5. Nc3 Be7 6. Nf3 O-O 7. Be2 dxc4 8.
Bxc4 Bg4 9. Be3 Nc6 10. Be2 Nd5 11. O-O Re8 12. Nxd5 Qxd5 13. Qa4 Rad8 14. h3
Bd7 15. Bc4 Qh5 16. Qd1 Qg6 17. Bd3 Bf5 18. Bxf5 Qxf5 19. Rc1 Bf6 20. Qb3 Qc8
21. Rfd1 a6 22. d5 Ne5 23. Bb6 Nxf3+ 24. Qxf3 Rd7 25. d6 c6 26. Rc4 Re6 27. Qg4
Qe8 28. Bc7 Be5 29. Rb4 b5 30. Qf3 Bxd6 31. Bxd6 Rexd6 32. Rc1 c5 33. Re4 Qb8
34. g3 c4 35. Rce1 Rd8 36. Re7 Rf6 37. Qb7 h6 38. Qxb8 Rxb8 39. Ra7 Rd8 40. Re2
Kh7 41. a3 Rd3 42. Kg2 c3 43. bxc3 Rxc3 44. Ra2 Kg6 45. g4 Kg5 46. Rd2 Rxa3 47.
Rd5+ Kg6 48. h4 Ra2 49. h5+ Kh7 50. Rd8 Raxf2+ 51. Kg1 R2f4 52. Raa8 Rxg4+ 53.
Kh2 Rh4+ 54. Kg3 Rxh5 55. Kg4 Rg5+ 56. Kh4 Rf1 0-1

[Event "Obert Pobla de Lillet 2016"]
[Site "La Pobla de Lillet ESP"]
[Date "2016.08.03"]
[Round "2.17"]
[White "Garcia Galeote, L."]
[Black "Jimenez Sanchez, JR."]
[Result "1-0"]
[WhiteElo "1962"]
[BlackElo "1795"]
[PlyCount "57"]
[EventDate "2016.08.02"]
[EventType "swiss"]
[EventRounds "9"]
[EventCountry "ESP"]
[SourceTitle "Ajedrez en Madrid"]
[Source "lmi"]
[SourceDate "2016.08.02"]

1. d4 d5 2. Nf3 Nf6 3. e3 a6 4. Bd3 Bg4 5. O-O e6 6. c4 dxc4 7. Bxc4 b5 8. Be2
Nbd7 9. h3 Bf5 10. Nc3 c5 11. Nh4 Be4 12. Nxe4 Nxe4 13. Nf3 Bd6 14. Bd3 Ndf6
15. Qc2 Nxf2 16. Qxf2 c4 17. Bc2 Qc7 18. e4 Bg3 19. Qe2 e5 20. Nxe5 Bxe5 21.
dxe5 Qxe5 22. Rf5 Qe7 23. Bg5 h6 24. Bxf6 gxf6 25. Raf1 O-O-O 26. Rxf6 Qb4 27.
Qg4+ Rd7 28. Rxf7 Rhd8 29. Rd1 1-0

[Event "Obert Pobla de Lillet 2016"]
[Site "La Pobla de Lillet ESP"]
[Date "2016.08.04"]
[Round "3.1"]
[White "Movsziszian, K."]
[Black "Povill Claros, X."]
[Result "1-0"]
[WhiteElo "2495"]
[BlackElo "2194"]
[PlyCount "89"]
[EventDate "2016.08.02"]
[EventType "swiss"]
[EventRounds "9"]
[EventCountry "ESP"]
[SourceTitle "Ajedrez en Madrid"]
[Source "lmi"]
[SourceDate "2016.08.02"]

1. g3 d5 2. Bg2 Nf6 3. d3 g6 4. Nd2 Bg7 5. e4 dxe4 6. dxe4 e5 7. Ngf3 Nbd7 8.
O-O O-O 9. b3 Re8 10. Bb2 Qe7 11. Re1 b6 12. Nc4 Rd8 13. Qc1 Ne8 14. a4 a5 15.
Bh3 f6 16. Ba3 Qf7 17. Rd1 Bb7 18. Rxd7 Rxd7 19. Ncxe5 fxe5 20. Ng5 Qf6 21.
Bxd7 Bh6 22. h4 Nd6 23. Qe3 Bxg5 24. hxg5 Qf7 25. Bh3 Nxe4 26. Bg2 Nd6 27. Bxb7
Nxb7 28. Qxe5 Re8 29. Qd4 Nd6 30. Bb2 Kf8 31. Rd1 Nf5 32. Qh8+ Ke7 33. Qf6+
Qxf6 34. Bxf6+ Ke6 35. Bd8 c5 36. Bxb6 Rc8 37. Bxa5 Nd4 38. Bb6 Nxc2 39. Rc1
Nd4 40. Rxc5 Rb8 41. a5 Nxb3 42. Rc6+ Kd5 43. Rc3 Na1 44. Rc7 Ke5 45. Rc1 1-0

[Event "Obert Pobla de Lillet 2016"]
[Site "La Pobla de Lillet ESP"]
[Date "2016.08.04"]
[Round "3.2"]
[White "Cervello Tost, F."]
[Black "Ayza Ballester, J."]
[Result "1/2-1/2"]
[WhiteElo "2322"]
[BlackElo "2168"]
[PlyCount "96"]
[EventDate "2016.08.02"]
[EventType "swiss"]
[EventRounds "9"]
[EventCountry "ESP"]
[SourceTitle "Ajedrez en Madrid"]
[Source "lmi"]
[SourceDate "2016.08.02"]

1. Nf3 c5 2. g3 Nc6 3. d4 cxd4 4. Nxd4 g6 5. Bg2 Bg7 6. c3 Nf6 7. O-O O-O 8. e4
a6 9. Nd2 Qc7 10. b3 d6 11. Bb2 Bd7 12. Rc1 Rac8 13. Nc4 b5 14. Ne3 Qa5 15. a3
Nxd4 16. cxd4 Rxc1 17. Qxc1 Rc8 18. Qa1 Be6 19. b4 Qb6 20. d5 Bd7 21. e5 dxe5
22. Bxe5 Ne8 23. Bxg7 Nxg7 24. Rc1 Rxc1+ 25. Qxc1 Nf5 26. Nxf5 Bxf5 27. Qe3 Qd6
28. Qc3 h5 29. h4 Bd7 30. Kf1 Bg4 31. Be4 e6 32. dxe6 Bxe6 33. Kg2 Bc4 34. Qe3
Qd8 35. Kh2 a5 36. bxa5 Qxa5 37. Qc5 Qa4 38. Bc6 Qb3 39. Bb7 Qd1 40. Qe3 Qd7
41. Qe4 Qd2 42. Qf4 Qa2 43. Qe3 Bd5 44. Qe7 Kh7 45. Bxd5 Qxd5 46. Qe3 Qc4 47.
Kg2 b4 48. axb4 Qxb4 1/2-1/2